| 000 | 00350 a2200109 4500 | ||
|---|---|---|---|
| 001 | ART_28157 | ||
| 005 | 20260410161951.0 | ||
| 008 | 260409a | ||
| 245 | 1 | 0 | _aPlanificación patrimonial en la empresa familiar |
| 100 | 1 | _aMolina Sandoval, Carlos A. | |
| 773 | 0 |
_tTemas de derecho comercial _g- Año 1, Nº 2 (feb. 2015) _wREV28151 |
|
| 999 |
_c30396 _d30396 |
||